000 00462pab a2200169 454500
008 180718b1983 xxu||||| |||| 00| 0 eng d
245 _aSpecial number on administrative accountability
260 _c1983
300 _ap.435-782.
362 _aJul-Sep
650 _aSpecial issue - Public administration
650 _aAccountability
650 _aPublic administration
773 _aIndian Journal of Public Administration
908 _aN
909 _a87893
999 _c87893
_d87893